Chanson française premiers mots - Statistiques

Statistiques générales
  • Ce quiz a été pris 279 fois
  • Le résultat moyen est 9 sur 20
Statistiques - réponses
Hint Réponse % Correct
Moi je n'étais rien, et voilà qu'aujourd'hui Je l'aime à mourir
92%
Pourquoi je vis, pourquoi je meurs SOS d'un terrien en détresse
74%
Elle passe ses nuits sans dormir La groupie du pianiste
72%
On l'a là la vie en rose Foule sentimentale
63%
Quand tout l'monde dort tranquille Quand on arrive en ville
58%
C'est une maison bleue, adossée à la colline San Francisco
56%
J'ai longtemps parcouru son corps Dernière danse
51%
Elle avait les yeux clairs et la robe en velours Comme toi
48%
J'abandonne sur une chaise le journal du matin Déjeuner en paix
47%
Puisqu'on ne vivra jamais tous les deux L'encre de tes yeux
39%
Quand tes cheveux s'étalent comme un soleil d'été Que je t'aime
39%
Je vous préviens n'approchez pas Requiem pour un fou
39%
Notre vieille Terre est une étoile où toi aussi tu brilles un peu La ballade des gens heureux
37%
Y a un mariole, il a au moins quatre ans Y veut t'piquer ta pelle et ton seau Morgane de toi
37%
Je l'ai vue près d'un laurier elle gardait ses blanches brebis Siffler sur la colline
36%
Ils quittent un à un le pays Pour s'en aller gagner leur vie, loin de la terre où ils sont nés La montagne
29%
Mon enfant nue sur les galets, le vent dans tes cheveux défaits Je t’aimais, je t’aime, je t’aimerai
27%
On m'a vu dans le Vercors, sauter à l'élastique La nuit je mens
26%
Le vent dans tes cheveux blonds, le soleil à l'horizon C'est beau la vie
8%
Oh toi, qui pense avoir une exclu de moi La fuite
6%
Aucun quiz correspondant
Distribution des résultats
% des personnes avec chaque résultat
Percentile par nombre de réponses
Votre historique - résultats
Vous n’avez pas pris ce quiz